000 00923naa a2200277 c 4500
001 40090
003 ES-MaCES
005 20150929135600.0
008 100405n2010 sp a t 000 | spa d
035 _aCES20100004284v
040 _aES-MaCES
_bspa
_cES-MaCES
100 1 _aFlórez Lage, Antonio
_912203
245 1 0 _aParticularidades del nuevo reglamento de Control
_cAntonio Flórez Lage
650 4 _apolítica comunitaria
_930776
650 4 _adesarrollo sostenible
_930785
650 4 _acontrol de la producción
_928250
650 4 _aindustria pesquera
_927608
650 4 _apolítica pesquera
_927610
650 4 _arecursos marinos
_928716
653 1 0 _aPesca
650 4 _926752
_aUE
773 0 _tEuropa azul
_gn. 115 (en.-feb. 2010){10601 R. 076365}; p. 12-13
_w(ES-MaCES)25606
_965386
902 _aART Artículo de revista
942 _2CES
_cAR
_h5.1.
999 _c40090
_d40090